[Event "XVII Open Internacional Villa de Ibi"]
[Site "Ibi, Spain"]
[Date "2019.09.08"]
[Round "2.6"]
[White "Lloret Climent, Miguel"]
[Black "Diaz Velandia, Jose Manuel"]
[Result "0-1"]
[WhiteElo "2028"]
[BlackElo "2372"]
[PlyCount "82"]
[EventDate "2019.??.??"]

1. d4 {[%clk 00:15:01]  [%emt 00:00:26]} 1... d5 {[%clk 00:15:03]} 2. c4 {
[%clk 00:14:57]} 2... e6 {[%clk 00:15:02]} 3. Nc3 {[%clk 00:14:54]} 3... Nf6 {
[%clk 00:15:02]} 4. Bg5 {[%clk 00:14:48]} 4... Be7 {[%clk 00:15:02]} 5. e3 {
[%clk 00:14:44]} 5... O-O {[%clk 00:14:46]} 6. Nf3 {[%clk 00:14:43]} 6... Ne4 {
[%clk 00:14:34]  [%emt 00:00:03]} 7. Bxe7 {[%clk 00:14:24]  [%emt 00:00:28]}
7... Qxe7 {[%clk 00:14:34]} 8. cxd5 {[%clk 00:14:12]  [%emt 00:00:09]} 8...
Nxc3 {[%clk 00:14:28]  [%emt 00:00:05]} 9. bxc3 {
[%clk 00:14:11]  [%emt 00:00:38]} 9... exd5 {[%clk 00:14:28]} 10. Bd3 {
[%clk 00:14:03]  [%emt 00:00:04]} 10... Nc6 {[%clk 00:13:16]  [%emt 00:00:49]}
11. Qc2 {[%clk 00:13:35]  [%emt 00:00:29]} 11... h6 {
[%clk 00:13:12]  [%emt 00:00:13]} 12. Rb1 {[%clk 00:13:23]  [%emt 00:00:07]}
12... Rb8 {[%clk 00:12:58]  [%emt 00:00:26]} 13. O-O {
[%clk 00:12:55]  [%emt 00:00:19]} 13... Bg4 {[%clk 00:12:57]  [%emt 00:00:33]}
14. Nd2 {[%clk 00:12:43]  [%emt 00:00:03]} 14... Qg5 {[%clk 00:12:48]} 15. f4 {
[%clk 00:12:25]  [%emt 00:00:12]} 15... Qe7 {[%clk 00:12:22]  [%emt 00:00:35]}
16. Rbe1 {[%clk 00:12:18]  [%emt 00:00:04]} 16... Bd7 {
[%clk 00:11:55]  [%emt 00:00:28]} 17. Nf3 {[%clk 00:11:57]  [%emt 00:00:46]}
17... Qd6 {[%clk 00:11:04]  [%emt 00:00:36]} 18. Ne5 {
[%clk 00:11:37]  [%emt 00:00:20]} 18... b5 {[%clk 00:10:37]  [%emt 00:00:26]}
19. Rf3 {[%clk 00:11:03]  [%emt 00:00:44]} 19... b4 {
[%clk 00:10:08]  [%emt 00:00:48]} 20. c4 {[%clk 00:10:27]  [%emt 00:00:13]}
20... dxc4 {[%clk 00:09:41]  [%emt 00:00:32]} 21. Bxc4 {
[%clk 00:09:57]  [%emt 00:00:34]} 21... Na5 {[%clk 00:07:49]  [%emt 00:01:48]}
22. Bd3 {[%clk 00:09:11]  [%emt 00:00:48]} 22... Bb5 {
[%clk 00:07:14]  [%emt 00:00:36]} 23. Bxb5 {[%clk 00:07:50]  [%emt 00:01:56]}
23... Rxb5 {[%clk 00:07:14]} 24. Rc1 {[%clk 00:07:25]} 24... Rc8 {
[%clk 00:06:00]  [%emt 00:01:13]} 25. Qf5 {[%clk 00:06:27]  [%emt 00:01:19]}
25... Qe6 {[%clk 00:06:00]} 26. Qxe6 {[%clk 00:06:16]  [%emt 00:00:12]} 26...
fxe6 {[%clk 00:06:01]} 27. Rf2 {[%clk 00:05:37]  [%emt 00:00:42]} 27... b3 {
[%clk 00:05:32]  [%emt 00:00:15]} 28. axb3 {[%clk 00:04:52]  [%emt 00:00:47]}
28... Nxb3 {[%clk 00:05:28]  [%emt 00:00:21]} 29. Rc6 {
[%clk 00:04:26]  [%emt 00:00:12]} 29... a5 {[%clk 00:05:17]  [%emt 00:00:14]}
30. Rxe6 {[%clk 00:04:17]  [%emt 00:00:21]} 30... Ra8 {
[%clk 00:04:49]  [%emt 00:00:28]} 31. Re7 {[%clk 00:03:56]  [%emt 00:00:17]}
31... a4 {[%clk 00:04:26]  [%emt 00:00:32]} 32. Rxc7 {
[%clk 00:03:40]  [%emt 00:00:09]} 32... a3 {[%clk 00:02:33]  [%emt 00:02:07]}
33. Ra2 {[%clk 00:03:13]  [%emt 00:00:18]} 33... Nd2 {
[%clk 00:02:21]  [%emt 00:00:22]} 34. Rcc2 {[%clk 00:01:46]  [%emt 00:01:20]}
34... Ne4 {[%clk 00:02:17]  [%emt 00:00:10]} 35. Kf1 {
[%clk 00:01:34]  [%emt 00:00:17]} 35... Rb3 {[%clk 00:02:16]} 36. Nc4 {
[%clk 00:01:24]  [%emt 00:00:11]} 36... Nc3 {[%clk 00:02:04]  [%emt 00:00:17]}
37. Ke1 {[%clk 00:01:16]  [%emt 00:00:05]} 37... Nxa2 {
[%clk 00:02:00]  [%emt 00:00:07]} 38. Rxa2 {[%clk 00:01:14]  [%emt 00:00:04]}
38... Rc3 {[%clk 00:01:56]  [%emt 00:00:14]} 39. Ne5 {[%clk 00:01:08]} 39...
Rb8 {[%clk 00:01:45]  [%emt 00:00:10]} 40. Kd2 {
[%clk 00:00:44]  [%emt 00:00:28]} 40... Rcb3 {[%clk 00:01:27]  [%emt 00:00:29]}
41. Nc4 {[%clk 00:00:40]} 41... Rb2+ {[%clk 00:01:21]  [%emt 00:00:05]} 0-1

[Event "XVII Open Internacional Villa de Ibi"]
[Site "Ibi, Spain"]
[Date "2019.09.08"]
[Round "2.7"]
[White "Granero Roca, Antonio"]
[Black "Morato Tent, Francisco"]
[Result "1-0"]
[WhiteElo "2354"]
[BlackElo "1990"]
[PlyCount "115"]
[EventDate "2019.??.??"]

1. d4 {[%clk 00:15:01]  [%emt 00:00:11]} 1... Nf6 {[%clk 00:15:02]} 2. c4 {
[%clk 00:15:00]} 2... g6 {[%clk 00:15:03]} 3. Nc3 {[%clk 00:15:00]} 3... Bg7 {
[%clk 00:15:03]  [%emt 00:00:15]} 4. e4 {[%clk 00:14:59]} 4... d6 {
[%clk 00:15:04]} 5. h3 {[%clk 00:14:58]  [%emt 00:00:10]} 5... O-O {
[%clk 00:14:59]} 6. Nf3 {[%clk 00:14:58]} 6... e5 {
[%clk 00:13:44]  [%emt 00:01:09]} 7. d5 {[%clk 00:14:56]  [%emt 00:00:09]} 7...
a5 {[%clk 00:13:22]  [%emt 00:00:23]} 8. Be3 {[%clk 00:14:46]  [%emt 00:00:09]}
8... Na6 {[%clk 00:13:21]  [%emt 00:00:07]} 9. g4 {[%clk 00:14:45]} 9... b6 {
[%clk 00:13:19]  [%emt 00:00:10]} 10. Nd2 {[%clk 00:14:30]  [%emt 00:00:08]}
10... Nc5 {[%clk 00:13:14]  [%emt 00:00:13]} 11. Be2 {
[%clk 00:14:25]  [%emt 00:00:08]} 11... Qd7 {[%clk 00:12:35]  [%emt 00:00:37]}
12. g5 {[%clk 00:14:05]  [%emt 00:00:22]} 12... Ne8 {
[%clk 00:12:29]  [%emt 00:00:09]} 13. h4 {[%clk 00:14:04]  [%emt 00:00:04]}
13... f5 {[%clk 00:12:29]  [%emt 00:00:04]} 14. h5 {[%emt 00:00:28]} 14... Rf7
{[%clk 00:12:08]  [%emt 00:00:11]} 15. Qc2 {[%emt 00:01:17]} 15... f4 {
[%clk 00:11:24]} 16. Bxc5 {[%clk 00:13:17]  [%emt 00:00:04]} 16... bxc5 {
[%clk 00:11:25]  [%emt 00:00:04]} 17. O-O-O {[%clk 00:13:01]  [%emt 00:00:14]}
17... a4 {[%clk 00:10:45]  [%emt 00:00:41]} 18. Rdg1 {
[%clk 00:12:53]  [%emt 00:00:14]} 18... c6 {[%clk 00:09:33]  [%emt 00:01:18]}
19. Bg4 {[%clk 00:12:47]  [%emt 00:00:03]} 19... Qb7 {
[%clk 00:09:22]  [%emt 00:00:10]} 20. Bxc8 {[%clk 00:12:29]  [%emt 00:00:28]}
20... Qxc8 {[%clk 00:09:08]  [%emt 00:00:08]} 21. Qd3 {
[%clk 00:12:14]  [%emt 00:00:16]} 21... Rb7 {[%clk 00:07:11]  [%emt 00:01:59]}
22. dxc6 {[%clk 00:10:46]  [%emt 00:01:32]} 22... Qxc6 {
[%clk 00:07:09]  [%emt 00:00:04]} 23. Qd5+ {[%clk 00:10:40]  [%emt 00:00:12]}
23... Qxd5 {[%clk 00:07:07]  [%emt 00:00:12]} 24. cxd5 {[%clk 00:10:40]} 24...
Nc7 {[%clk 00:06:47]  [%emt 00:00:11]} 25. Kc2 {
[%clk 00:10:23]  [%emt 00:00:27]} 25... Nb5 {[%clk 00:06:47]} 26. Nxb5 {
[%clk 00:10:19]} 26... Rxb5 {[%clk 00:06:48]  [%emt 00:00:03]} 27. Nc4 {
[%clk 00:10:01]  [%emt 00:00:17]} 27... Rb4 {[%clk 00:06:16]  [%emt 00:00:38]}
28. Kc3 {[%clk 00:09:53]  [%emt 00:00:12]} 28... Rab8 {
[%clk 00:06:10]  [%emt 00:00:09]} 29. hxg6 {[%clk 00:09:28]  [%emt 00:00:19]}
29... hxg6 {[%clk 00:06:11]  [%emt 00:00:21]} 30. Rb1 {
[%clk 00:09:13]  [%emt 00:00:04]} 30... Rxc4+ {[%clk 00:05:59]  [%emt 00:00:08]
} 31. Kxc4 {[%clk 00:09:12]  [%emt 00:00:31]} 31... Rb4+ {[%clk 00:06:00]} 32.
Kc3 {[%clk 00:08:57]  [%emt 00:00:08]} 32... Rxe4 {[%clk 00:06:00]} 33. b4 {
[%clk 00:08:21]  [%emt 00:00:24]} 33... axb3 {[%clk 00:05:49]  [%emt 00:00:11]}
34. Rxb3 {[%clk 00:08:19]  [%emt 00:00:08]} 34... Ra4 {
[%clk 00:03:45]  [%emt 00:02:02]} 35. Rb8+ {[%clk 00:08:16]  [%emt 00:00:13]}
35... Kf7 {[%clk 00:03:46]} 36. Kb3 {[%clk 00:08:11]  [%emt 00:00:04]} 36...
Ra7 {[%clk 00:03:40]  [%emt 00:00:10]} 37. f3 {[%clk 00:07:46]  [%emt 00:00:22]
} 37... Re7 {[%clk 00:03:27]  [%emt 00:00:40]} 38. Re1 {[%clk 00:07:27]} 38...
Ra7 {[%clk 00:03:28]} 39. Re4 {[%clk 00:07:14]  [%emt 00:00:37]} 39... Bf8 {
[%clk 00:03:11]} 40. a4 {[%clk 00:06:44]  [%emt 00:00:25]} 40... Be7 {
[%clk 00:03:12]  [%emt 00:00:09]} 41. Rb6 {[%clk 00:06:44]} 41... Ke8 {
[%clk 00:02:37]  [%emt 00:00:54]} 42. Re1 {[%clk 00:06:43]} 42... c4+ {
[%clk 00:01:26]  [%emt 00:00:51]} 43. Ka3 {[%clk 00:06:19]  [%emt 00:00:27]}
43... Bxg5 {[%clk 00:01:22]  [%emt 00:00:18]} 44. Rc1 {
[%clk 00:06:09]  [%emt 00:00:10]} 44... Rc7 {[%clk 00:01:18]  [%emt 00:00:11]}
45. a5 {[%clk 00:06:00]  [%emt 00:00:03]} 45... Rc5 {
[%clk 00:01:09]  [%emt 00:00:07]} 46. Ka4 {[%clk 00:05:51]  [%emt 00:00:10]}
46... Bd8 {[%clk 00:01:10]  [%emt 00:00:04]} 47. Rb5 {
[%clk 00:05:48]  [%emt 00:00:03]} 47... Rc7 {[%clk 00:00:59]  [%emt 00:00:10]}
48. Kb4 {[%clk 00:05:13]  [%emt 00:00:37]} 48... c3 {
[%clk 00:00:33]  [%emt 00:00:36]} 49. Rxc3 {[%clk 00:05:09]  [%emt 00:00:08]}
49... Re7 {[%clk 00:00:29]  [%emt 00:00:18]} 50. Rb8 {[%clk 00:04:50]} 50... e4
{[%clk 00:00:28]  [%emt 00:00:04]} 51. fxe4 {[%clk 00:04:48]  [%emt 00:00:04]}
51... Rxe4+ {[%clk 00:00:30]} 52. Kb5 {[%clk 00:04:49]} 52... Kd7 {
[%clk 00:00:27]  [%emt 00:00:09]} 53. Rb7+ {[%clk 00:04:45]  [%emt 00:00:04]}
53... Ke8 {[%clk 00:00:28]  [%emt 00:00:08]} 54. a6 {
[%clk 00:04:29]  [%emt 00:00:41]} 54... Rd4 {[%clk 00:00:29]} 55. Kc6 {
[%clk 00:04:07]  [%emt 00:00:03]} 55... Ra4 {[%clk 00:00:29]} 56. a7 {
[%clk 00:03:53]  [%emt 00:00:07]} 56... g5 {[%clk 00:00:20]  [%emt 00:00:15]}
57. Rh3 {[%clk 00:03:36]  [%emt 00:00:23]} 57... Rc4+ {
[%clk 00:00:04]  [%emt 00:00:24]} 58. Kxd6 {[%clk 00:03:28]} 1-0

[Event "XVII Open Internacional Villa de Ibi"]
[Site "Ibi, Spain"]
[Date "2019.09.08"]
[Round "2.8"]
[White "Portillo Castellon, Javier"]
[Black "Rubio Tent, Francisco"]
[Result "0-1"]
[WhiteElo "2018"]
[BlackElo "2346"]
[PlyCount "66"]
[EventDate "2019.??.??"]

1. d4 {[%clk 00:15:03]  [%emt 00:00:08]} 1... d5 {
[%clk 00:15:01]  [%emt 00:00:04]} 2. c4 {[%clk 00:15:04]} 2... e6 {
[%clk 00:15:02]} 3. Nc3 c5 4. cxd5 {[%clk 00:15:05]  [%emt 00:00:04]} 4... exd5
{[%clk 00:15:05]} 5. Nf3 {[%clk 00:15:06]} 5... Nf6 {[%clk 00:15:06]} 6. g3 {
[%clk 00:15:07]  [%emt 00:00:08]} 6... Nc6 {[%clk 00:15:06]} 7. Bg2 {
[%clk 00:15:04]  [%emt 00:00:04]} 7... Be7 {[%clk 00:15:06]} 8. O-O {
[%clk 00:15:03]} 8... O-O {[%clk 00:15:07]  [%emt 00:00:04]} 9. Bg5 {
[%clk 00:14:51]  [%emt 00:00:31]} 9... c4 {[%clk 00:15:08]  [%emt 00:00:03]}
10. Ne5 {[%clk 00:13:00]  [%emt 00:01:29]} 10... Be6 {[%clk 00:15:10]} 11. f4 {
[%clk 00:11:10]  [%emt 00:01:55]} 11... h6 {[%clk 00:11:43]  [%emt 00:03:26]}
12. Bxf6 {[%clk 00:11:04]  [%emt 00:00:09]} 12... Bxf6 {
[%clk 00:11:37]  [%emt 00:00:11]} 13. e4 {[%clk 00:07:06]  [%emt 00:03:59]}
13... Bxe5 {[%clk 00:03:42]  [%emt 00:07:55]} 14. fxe5 {
[%clk 00:06:35]  [%emt 00:00:54]} 14... Ne7 {[%clk 00:02:54]  [%emt 00:00:50]}
15. Qd2 {[%clk 00:05:29]  [%emt 00:00:47]} 15... Qd7 {
[%clk 00:02:26]  [%emt 00:00:30]} 16. exd5 {[%clk 00:04:00]  [%emt 00:01:50]}
16... Nxd5 {[%clk 00:01:51]  [%emt 00:00:52]} 17. Ne4 {[%clk 00:04:00]} 17...
b5 {[%clk 00:01:07]  [%emt 00:00:12]} 18. Nc5 {[%clk 00:03:21]  [%emt 00:00:41]
} 18... Qe7 {[%clk 00:01:08]  [%emt 00:00:18]} 19. a4 {
[%clk 00:02:06]  [%emt 00:01:03]} 19... a6 {[%clk 00:00:43]  [%emt 00:00:57]}
20. Qa5 {[%clk 00:01:55]} 20... Rab8 {[%clk 00:00:07]  [%emt 00:00:27]} 21.
Qxa6 {[%clk 00:01:18]  [%emt 00:00:36]} 21... bxa4 {
[%clk 00:00:05]  [%emt 00:00:03]} 22. Nxa4 {[%clk 00:00:38]  [%emt 00:00:38]}
22... Ne3 {[%clk 00:00:07]} 23. Rf2 {[%clk 00:00:36]  [%emt 00:00:23]} 23...
Nxg2 {[%clk 00:00:07]} 24. Kxg2 Ra8 25. Qb5 {[%clk 00:00:11]  [%emt 00:00:20]}
25... Qd7 {[%clk 00:00:10]} 26. Qxd7 {[%clk 00:00:03]  [%emt 00:00:29]} 26...
Bxd7 {[%clk 00:00:11]} 27. Nc5 {[%clk 00:00:03]} 27... Bc6+ {[%clk 00:00:12]}
28. Kh3 {[%clk 00:00:04]} 28... Rxa1 {[%clk 00:00:13]} 29. Rd2 {[%clk 00:00:03]
} 29... Bd5 {[%clk 00:00:14]} 30. Nd7 {[%clk 00:00:03]  [%emt 00:00:04]} 30...
Rd8 {[%clk 00:00:10]} 31. Nb6 {[%clk 00:00:03]} 31... Ra2 {[%clk 00:00:08]} 32.
Rc2 {[%clk 00:00:04]} 32... Be6+ {[%clk 00:00:05]  [%emt 00:00:06]} 33. Kg2 {
[%clk 00:00:04]} 33... Rxd4 {[%clk 00:00:06]} 0-1

[Event "XVII Open Internacional Villa de Ibi"]
[Site "Ibi, Spain"]
[Date "2019.09.08"]
[Round "3.1"]
[White "Kovacevic, Slobodan"]
[Black "Cruz Lledo, Pablo"]
[Result "0-1"]
[WhiteElo "2260"]
[BlackElo "2452"]
[PlyCount "164"]
[EventDate "2019.??.??"]

1. d4 {[%clk 00:15:03]  [%emt 00:00:06]} 1... d5 {
[%clk 00:15:00]  [%emt 00:00:04]} 2. Bf4 {[%clk 00:15:04]} 2... c6 {
[%clk 00:15:00]  [%emt 00:00:03]} 3. e3 {[%clk 00:15:03]  [%emt 00:00:04]} 3...
Bf5 {[%clk 00:15:01]} 4. c4 {[%clk 00:15:04]} 4... e6 {
[%clk 00:14:56]  [%emt 00:00:07]} 5. Qb3 {[%clk 00:15:05]} 5... Qb6 {
[%clk 00:14:46]  [%emt 00:00:16]} 6. c5 {[%clk 00:15:06]  [%emt 00:00:03]} 6...
Qxb3 {[%clk 00:14:39]  [%emt 00:00:05]} 7. axb3 {
[%clk 00:15:07]  [%emt 00:00:04]} 7... Nd7 {[%clk 00:14:30]  [%emt 00:00:09]}
8. Nf3 {[%clk 00:15:07]  [%emt 00:00:44]} 8... h6 {[%clk 00:14:27]} 9. Nc3 {
[%clk 00:15:08]} 9... a6 {[%clk 00:14:27]} 10. b4 {[%clk 00:15:09]} 10... Rc8 {
[%clk 00:14:24]} 11. Nd2 {[%clk 00:15:09]} 11... Ngf6 {
[%clk 00:14:10]  [%emt 00:00:03]} 12. h3 {[%clk 00:15:10]} 12... Be7 {
[%clk 00:13:35]  [%emt 00:00:21]} 13. Nb3 {[%clk 00:15:11]  [%emt 00:00:07]}
13... Bd8 {[%clk 00:13:36]} 14. Na5 {[%clk 00:15:12]  [%emt 00:00:03]} 14...
Bxa5 {[%clk 00:13:35]} 15. bxa5 {[%clk 00:15:13]} 15... Ne4 {
[%clk 00:13:18]  [%emt 00:00:19]} 16. f3 {[%clk 00:15:07]  [%emt 00:00:06]}
16... Nxc3 {[%clk 00:13:17]  [%emt 00:00:03]} 17. bxc3 {
[%clk 00:15:08]  [%emt 00:00:03]} 17... e5 {[%clk 00:10:39]  [%emt 00:02:39]}
18. Bh2 {[%clk 00:14:54]  [%emt 00:00:17]} 18... f6 {
[%clk 00:10:29]  [%emt 00:00:12]} 19. Ra4 {[%clk 00:14:54]  [%emt 00:00:09]}
19... Kf7 {[%clk 00:09:32]  [%emt 00:00:48]} 20. Rb4 {
[%clk 00:14:55]  [%emt 00:00:06]} 20... Rc7 {[%clk 00:09:31]  [%emt 00:00:04]}
21. Kd2 {[%clk 00:14:39]  [%emt 00:00:12]} 21... Re8 {
[%clk 00:09:30]  [%emt 00:00:10]} 22. Be2 {[%clk 00:14:21]  [%emt 00:00:14]}
22... Re7 {[%clk 00:09:31]} 23. Ra1 {[%clk 00:14:14]  [%emt 00:00:14]} 23...
Nf8 {[%clk 00:09:30]} 24. Ra3 {[%clk 00:14:06]  [%emt 00:00:08]} 24... Bh7 {
[%clk 00:09:02]  [%emt 00:00:33]} 25. Rab3 {[%clk 00:14:07]  [%emt 00:00:19]}
25... Rcd7 {[%clk 00:08:33]  [%emt 00:00:17]} 26. Rb6 {
[%clk 00:14:02]  [%emt 00:00:04]} 26... g5 {[%clk 00:08:32]  [%emt 00:00:03]}
27. Bg1 {[%clk 00:13:02]  [%emt 00:00:58]} 27... Ne6 {
[%clk 00:08:15]  [%emt 00:00:21]} 28. Bf2 {[%clk 00:12:47]  [%emt 00:00:20]}
28... Nd8 {[%clk 00:08:07]  [%emt 00:00:16]} 29. g4 {
[%clk 00:12:36]  [%emt 00:00:16]} 29... Re8 {[%clk 00:07:41]  [%emt 00:00:17]}
30. Bg3 {[%clk 00:12:35]  [%emt 00:00:04]} 30... Bg6 {
[%clk 00:07:33]  [%emt 00:00:07]} 31. R6b4 {[%clk 00:11:08]  [%emt 00:01:41]}
31... h5 {[%clk 00:07:31]} 32. Bf1 {[%clk 00:11:01]  [%emt 00:00:07]} 32... Rh8
{[%clk 00:07:15]  [%emt 00:00:12]} 33. Bg2 {[%clk 00:11:02]} 33... Re7 {
[%clk 00:06:52]  [%emt 00:00:25]} 34. Rb6 {[%clk 00:10:10]  [%emt 00:00:54]}
34... Rhe8 {[%clk 00:06:33]  [%emt 00:00:50]} 35. Bf1 {
[%clk 00:09:42]  [%emt 00:00:07]} 35... hxg4 {[%clk 00:06:19]  [%emt 00:00:10]}
36. hxg4 {[%clk 00:09:25]  [%emt 00:00:39]} 36... Rh8 {
[%clk 00:06:01]  [%emt 00:00:03]} 37. Bg2 {[%clk 00:09:26]} 37... Kg7 {
[%clk 00:05:46]  [%emt 00:00:22]} 38. R6b4 {[%clk 00:09:17]  [%emt 00:00:06]}
38... Be8 {[%clk 00:05:46]  [%emt 00:00:11]} 39. Rb1 {
[%clk 00:09:01]  [%emt 00:00:08]} 39... Bd7 {[%clk 00:05:44]  [%emt 00:00:14]}
40. Rxb7 {[%clk 00:08:47]  [%emt 00:00:09]} 40... Nxb7 {
[%clk 00:05:36]  [%emt 00:00:09]} 41. Rxb7 {[%clk 00:08:47]  [%emt 00:00:07]}
41... Kf7 {[%clk 00:05:22]  [%emt 00:00:11]} 42. Rb6 {
[%clk 00:08:10]  [%emt 00:00:36]} 42... e4 {[%clk 00:05:18]  [%emt 00:00:08]}
43. fxe4 {[%clk 00:07:49]  [%emt 00:00:22]} 43... dxe4 {
[%clk 00:05:12]  [%emt 00:00:21]} 44. Bd6 {[%clk 00:07:49]} 44... Bxg4 {
[%clk 00:05:04]  [%emt 00:00:04]} 45. Bf1 {[%emt 00:00:27]} 45... Ra7 {
[%clk 00:04:19]  [%emt 00:00:41]} 46. Rxc6 {[%clk 00:07:10]  [%emt 00:00:24]}
46... Rh1 {[%clk 00:03:55]  [%emt 00:00:32]} 47. Bc4+ {[%clk 00:07:10]} 47...
Kg6 {[%clk 00:03:43]  [%emt 00:00:05]} 48. Rxa6 {
[%clk 00:06:35]  [%emt 00:00:34]} 48... Rxa6 {[%clk 00:03:32]  [%emt 00:00:16]}
49. Bxa6 {[%clk 00:06:36]  [%emt 00:00:04]} 49... Ra1 {[%clk 00:03:32]} 50. Bc7
{[%clk 00:06:33]  [%emt 00:00:03]} 50... Ra2+ {[%clk 00:03:16]  [%emt 00:00:45]
} 51. Kc1 {[%clk 00:06:30]} 51... f5 {[%clk 00:02:29]  [%emt 00:00:26]} 52. Bb7
{[%clk 00:06:30]  [%emt 00:00:04]} 52... f4 {[%clk 00:02:22]  [%emt 00:00:30]}
53. Bxe4+ {[%clk 00:06:20]  [%emt 00:00:03]} 53... Bf5 {[%clk 00:02:23]} 54.
Bd5 {[%clk 00:05:51]  [%emt 00:00:21]} 54... Rc2+ {
[%clk 00:02:18]  [%emt 00:00:10]} 55. Kd1 {[%clk 00:05:52]} 55... fxe3 {
[%clk 00:02:03]  [%emt 00:00:17]} 56. a6 {[%clk 00:05:31]  [%emt 00:00:19]}
56... Bd3 {[%clk 00:01:30]  [%emt 00:00:34]} 57. Bg3 {
[%clk 00:05:21]  [%emt 00:00:11]} 57... e2+ {[%clk 00:01:26]  [%emt 00:00:08]}
58. Ke1 {[%clk 00:05:21]  [%emt 00:00:07]} 58... Rc1+ {
[%clk 00:00:49]  [%emt 00:01:14]} 59. Kd2 {[%clk 00:05:23]} 59... Rd1+ {
[%clk 00:00:50]} 60. Ke3 {[%clk 00:05:24]} 60... Bxa6 {[%clk 00:00:50]} 61. c4
{[%clk 00:04:49]  [%emt 00:00:04]} 61... e1=Q+ {
[%clk 00:00:41]  [%emt 00:00:12]} 62. Bxe1 {[%clk 00:04:50]} 62... Rxe1+ {
[%clk 00:00:42]} 63. Kd2 {[%clk 00:04:49]  [%emt 00:00:20]} 63... Re7 {
[%clk 00:00:36]} 64. c6 {[%clk 00:04:46]} 64... g4 {
[%clk 00:00:33]  [%emt 00:00:03]} 65. c5 {[%clk 00:04:40]  [%emt 00:00:08]}
65... g3 {[%clk 00:00:16]  [%emt 00:00:13]} 66. Bf3 {
[%clk 00:04:34]  [%emt 00:00:10]} 66... Kf5 {[%clk 00:00:18]} 67. d5 {
[%clk 00:04:33]  [%emt 00:00:21]} 67... Kf4 {[%clk 00:00:18]} 68. d6 {
[%clk 00:04:33]} 68... Re3 {[%clk 00:00:11]} 69. Bh1 {
[%clk 00:04:17]  [%emt 00:00:14]} 69... Rd3+ {[%clk 00:00:08]  [%emt 00:00:05]}
70. Kc2 {[%clk 00:04:16]  [%emt 00:00:03]} 70... Rd4 {
[%clk 00:00:04]  [%emt 00:00:09]} 71. c7 {[%clk 00:03:56]  [%emt 00:00:16]}
71... Bc8 {[%clk 00:00:05]  [%emt 00:00:20]} 72. Kc3 {[%clk 00:03:54]} 72...
Ke3 {[%clk 00:00:06]} 73. Bc6 {[%clk 00:03:42]  [%emt 00:00:10]} 73... Rd1 {
[%clk 00:00:07]} 74. Kc2 {[%clk 00:03:40]} 74... Rd2+ {[%clk 00:00:07]} 75. Kc3
{[%clk 00:03:39]} 75... g2 {[%clk 00:00:08]} 76. Bxg2 {
[%clk 00:03:38]  [%emt 00:00:14]} 76... Rxg2 {[%clk 00:00:09]} 77. c6 {
[%clk 00:03:39]} 77... Rg6 {[%clk 00:00:10]} 78. Kc4 {
[%clk 00:03:16]  [%emt 00:00:19]} 78... Rxd6 {[%emt 00:00:12]} 79. Kc5 Re6 {
[%clk 00:00:06]} 80. Kb6 {[%clk 00:03:16]} 80... Kd4 {[%clk 00:00:06]} 81. Ka7
{[%clk 00:03:17]  [%emt 00:00:15]} 81... Re8 {[%clk 00:00:07]} 82. Kb6 {
[%clk 00:03:15]} 82... Kd5 {[%clk 00:00:07]} 0-1